000 003620000a22001450004500
020 _a958-655-917-3
082 0 4 _aR 020 J28b
100 1 _aJaramillo, Orlanda
245 1 0 _aBiblioteca Pública y Lectura Pública / Orlanda Jaramillo
260 _aMedellín : Universidad de Antioquia
300 _a196 P.
500 _aUso interno
001 443
942 _cLGB
999 _c47681
_d47681